[Event "USA Championship 2007"]
[Site "Stillwater USA"]
[Date "2007.05.18"]
[Round "4.15"]
[White "Sarkar, Justin"]
[Black "Langer, Michael"]
[Result "0-1"]
[WhiteElo "2470"]
[BlackElo "2334"]
[PlyCount "148"]
[EventDate "2007.05.15"]
[EventType "swiss"]
[EventRounds "9"]
[EventCountry "USA"]
[Source "lmi"]
[SourceDate "2007.05.15"]

1. d4 Nf6 2. c4 c5 3. d5 e6 4. Nc3 exd5 5. cxd5 d6 6. e4 g6 7. f3 Bg7 8. Bg5
O-O 9. Qd2 a6 10. a4 Nbd7 11. Nh3 Re8 12. Nf2 Qc7 13. Bc4 Qb6 14. a5 Qc7 15.
Na4 b5 16. axb6 Nxb6 17. Nxb6 Qxb6 18. O-O Nd7 19. Rab1 Ne5 20. b3 Rb8 21. Qa2
Bd7 22. Bd2 Bb5 23. Rfe1 Qa7 24. f4 Nd7 25. Qc2 Bxc4 26. bxc4 Rxb1 27. Rxb1 Rb8
28. Rxb8+ Qxb8 29. Kf1 Qb2 30. Qxb2 Bxb2 31. Ba5 Kf8 32. Nd3 Bd4 33. Bc7 Ke7
34. Ke2 f6 35. Nc1 g5 36. g3 Bc3 37. Nb3 gxf4 38. gxf4 Nf8 39. Kf3 h5 40. e5
fxe5 41. fxe5 Bxe5 42. Nxc5 a5 43. Nd3 Bc3 44. c5 dxc5 45. Nxc5 Nd7 46. d6+ Ke8
47. Na4 Bb4 48. Ke4 Kf7 49. Kd5 Ke8 50. Kc6 Ne5+ 51. Kd5 Nd7 52. Ke6 Nf8+ 53.
Kd5 Nd7 54. Ke6 Nf8+ 55. Ke5 Nd7+ 56. Kd5 Bd2 57. Kc6 Ne5+ 58. Kb7 Nd7 59. Kc8
Bf4 60. h3 Bg3 61. Nc3 Be5 62. Nb5 a4 63. h4 Bb2 64. Ba5 Bf6 65. Na3 Bxh4 66.
Nc4 Bg3 67. Bb4 h4 68. Ne3 h3 69. Nf1 Be5 70. Ba3 Nb6+ 71. Kc7 Nc4 72. Bb4
Bxd6+ 73. Bxd6 Nxd6 74. Kxd6 a3 0-1

[Event "USA Championship 2007"]
[Site "Stillwater USA"]
[Date "2007.05.18"]
[Round "4.16"]
[White "Mulyar, Michael"]
[Black "Aigner, Michael"]
[Result "1-0"]
[WhiteElo "2420"]
[BlackElo "2300"]
[PlyCount "53"]
[EventDate "2007.05.15"]
[EventType "swiss"]
[EventRounds "9"]
[EventCountry "USA"]
[Source "lmi"]
[SourceDate "2007.05.15"]

1. e4 e5 2. Nf3 Nc6 3. Bc4 Bc5 4. c3 Nf6 5. d3 d6 6. Bb3 Bb6 7. O-O Qe7 8. Nbd2
O-O 9. Nc4 Be6 10. a4 Nd7 11. Ng5 Bxc4 12. Bxc4 h6 13. Nf3 a5 14. g3 Qf6 15.
Nh4 Ne7 16. Qg4 Rad8 17. Kg2 c6 18. f4 d5 19. exd5 Nxd5 20. Bxd5 cxd5 21. fxe5
Qxe5 22. Bxh6 Kh7 23. Rae1 gxh6 24. Rxe5 Nxe5 25. Qf5+ Ng6 26. Nxg6 fxg6 27.
Qxf8 1-0

[Event "USA Championship 2007"]
[Site "Stillwater USA"]
[Date "2007.05.19"]
[Round "5.6"]
[White "Khachiyan, Melikset"]
[Black "Gulko, Boris"]
[Result "1/2-1/2"]
[WhiteElo "2550"]
[BlackElo "2660"]
[PlyCount "59"]
[EventDate "2007.05.15"]
[EventType "swiss"]
[EventRounds "9"]
[EventCountry "USA"]
[Source "lmi"]
[SourceDate "2007.05.15"]

1. e4 e5 2. Nf3 Nc6 3. Bb5 Bc5 4. O-O Nf6 5. Bxc6 dxc6 6. d3 Nd7 7. Be3 Bxe3 8.
fxe3 O-O 9. Nc3 Qe7 10. Qe1 Re8 11. Nh4 Nf6 12. Nf5 Bxf5 13. Rxf5 Nd7 14. Qg3
Qb4 15. Rb1 Re6 16. a3 Qe7 17. Rbf1 Rf6 18. h4 Rxf5 19. Rxf5 Re8 20. Nd1 Qc5
21. Qf2 Re7 22. g4 Qd6 23. g5 c5 24. Nc3 c6 25. Qg3 b5 26. Nd1 Re6 27. Nf2 c4
28. h5 cxd3 29. cxd3 c5 30. Qf3 1/2-1/2

[Event "USA Championship 2007"]
[Site "Stillwater USA"]
[Date "2007.05.19"]
[Round "5.9"]
[White "Hess, Robert"]
[Black "Ivanov, Alexander V"]
[Result "0-1"]
[WhiteElo "2472"]
[BlackElo "2623"]
[PlyCount "54"]
[EventDate "2007.05.15"]
[EventType "swiss"]
[EventRounds "9"]
[EventCountry "USA"]
[Source "lmi"]
[SourceDate "2007.05.15"]

1. e4 c6 2. Nc3 d5 3. Nf3 Bg4 4. h3 Bxf3 5. Qxf3 e6 6. a3 g6 7. d4 Bg7 8. Bf4
Nf6 9. e5 Nfd7 10. Bd3 c5 11. dxc5 Nc6 12. Bb5 Ndxe5 13. Qg3 O-O 14. O-O a6 15.
Ba4 b5 16. cxb6 Qxb6 17. b3 Rac8 18. Rfe1 Nd7 19. Rac1 Nc5 20. Rcd1 Nd4 21. Rd2
Nf5 22. Qf3 Nxb3 23. Bxb3 Bxc3 24. Red1 Bxd2 25. Rxd2 Qa5 26. g4 Rc3 27. Rd3
Nd4 0-1

[Event "USA Championship 2007"]
[Site "Stillwater USA"]
[Date "2007.05.19"]
[Round "5.10"]
[White "Kudrin, Sergey"]
[Black "Zenyuk, Iryna"]
[Result "1-0"]
[WhiteElo "2612"]
[BlackElo "2229"]
[PlyCount "103"]
[EventDate "2007.05.15"]
[EventType "swiss"]
[EventRounds "9"]
[EventCountry "USA"]
[Source "lmi"]
[SourceDate "2007.05.15"]

1. e4 c5 2. Nf3 e6 3. d4 cxd4 4. Nxd4 Nc6 5. Nb5 d6 6. Bf4 e5 7. Be3 a6 8. N5c3
Nf6 9. Bc4 Be6 10. Nd5 Nxe4 11. Bb6 Qg5 12. Nc7+ Kd7 13. Be2 Rc8 14. Nxe6 fxe6
15. O-O Be7 16. c4 Qh6 17. Re1 Rhf8 18. Bf3 Ng5 19. Bg4 Rf4 20. Be3 Rxc4 21.
Nd2 Rb4 22. a3 Rd4 23. Bxd4 Nxd4 24. Rc1 Rxc1 25. Qxc1 Qg6 26. Qd1 Qc2 27. Qxc2
Nxc2 28. Rd1 Nf7 29. Nb3 Nh6 30. Be2 Nf5 31. Bd3 Ncd4 32. Nxd4 Nxd4 33. Bxh7 b5
34. g3 d5 35. Kg2 Bf6 36. f3 a5 37. h4 b4 38. axb4 axb4 39. Ra1 Kd6 40. Ra7 Nc6
41. Rb7 e4 42. fxe4 Bxb2 43. exd5 exd5 44. g4 Kc5 45. g5 Be5 46. Bb1 Na5 47.
Re7 Kd4 48. h5 Nc6 49. Re8 Bf4 50. h6 gxh6 51. g6 Be5 52. Re6 1-0

[Event "USA Championship 2007"]
[Site "Stillwater USA"]
[Date "2007.05.19"]
[Round "5.12"]
[White "Langer, Michael"]
[Black "Pruess, David"]
[Result "1-0"]
[WhiteElo "2334"]
[BlackElo "2473"]
[PlyCount "127"]
[EventDate "2007.05.15"]
[EventType "swiss"]
[EventRounds "9"]
[EventCountry "USA"]
[Source "lmi"]
[SourceDate "2007.05.15"]

1. e4 c6 2. d4 d5 3. exd5 cxd5 4. c4 Nf6 5. Nc3 g6 6. Qb3 Bg7 7. cxd5 O-O 8.
Be2 Nbd7 9. Bf3 Nb6 10. Nge2 Bg4 11. Bxg4 Nxg4 12. Bf4 Nf6 13. d6 exd6 14. O-O
Nh5 15. Be3 d5 16. Rad1 Qd7 17. Nf4 Nxf4 18. Bxf4 Rfe8 19. h3 Re6 20. Rfe1
Rxe1+ 21. Rxe1 Bxd4 22. Rd1 Bxc3 23. Qxc3 Rc8 24. Qd4 Qe6 25. Be3 f6 26. Qb4
Kf7 27. Qa5 Nc4 28. Qxa7 Rc7 29. Qb8 Rd7 30. Bc5 g5 31. Bb4 d4 32. h4 gxh4 33.
Qf4 h3 34. Rxd4 Rxd4 35. Qxd4 hxg2 36. Qh4 Nxb2 37. Qxh7+ Ke8 38. Qxb7 Nd3 39.
Qb5+ Qd7 40. Qh5+ Qf7 41. Qh8+ Kd7 42. Qh3+ Kc7 43. Qxd3 Qxa2 44. Qd6+ Kb7 45.
Qe7+ Kc8 46. Qc5+ Kd7 47. Qd6+ Kc8 48. Qc6+ Kd8 49. Qxf6+ Kd7 50. Qd6+ Kc8 51.
Kxg2 Qg8+ 52. Kf3 Qb3+ 53. Ke2 Qc4+ 54. Kd2 Qa2+ 55. Ke3 Qb3+ 56. Kd4 Qb2+ 57.
Kd5 Qa2+ 58. Kc6 Qa4+ 59. Kc5 Qc2+ 60. Kb5 Qxf2 61. Qe6+ Kc7 62. Bd6+ Kb7 63.
Qd7+ Ka8 64. Qc8+ 1-0

[Event "USA Championship 2007"]
[Site "Stillwater USA"]
[Date "2007.05.19"]
[Round "5.13"]
[White "Burnett, Ronald"]
[Black "Bradford, Joseph Mark"]
[Result "1/2-1/2"]
[WhiteElo "2396"]
[BlackElo "2457"]
[PlyCount "62"]
[EventDate "2007.05.15"]
[EventType "swiss"]
[EventRounds "9"]
[EventCountry "USA"]
[Source "lmi"]
[SourceDate "2007.05.15"]

1. d4 Nf6 2. Nf3 e6 3. Bf4 c5 4. c3 Nc6 5. e3 Nh5 6. Bg5 Be7 7. Bxe7 Qxe7 8.
Nbd2 Nf6 9. Bd3 e5 10. dxe5 Nxe5 11. Nxe5 Qxe5 12. O-O d5 13. e4 dxe4 14. Nxe4
Nxe4 15. Bxe4 O-O 16. Re1 Qc7 17. Bd5 Rb8 18. Re3 b5 19. Qe2 Bb7 20. Re7 Qb6
21. Bxb7 Rxb7 22. Rd1 c4 23. h4 a6 24. Re5 Qf6 25. Qe4 Rb6 26. Re8 Rb8 27.
Rxf8+ Rxf8 28. Qd4 Qg6 29. Kh2 h5 30. Qd6 Qg4 31. Qd4 Qe2 1/2-1/2

[Event "USA Championship 2007"]
[Site "Stillwater USA"]
[Date "2007.05.19"]
[Round "5.14"]
[White "Bonin, Jay"]
[Black "Smith, Bryan"]
[Result "0-1"]
[WhiteElo "2383"]
[BlackElo "2441"]
[PlyCount "52"]
[EventDate "2007.05.15"]
[EventType "swiss"]
[EventRounds "9"]
[EventCountry "USA"]
[Source "lmi"]
[SourceDate "2007.05.15"]

1. d4 Nf6 2. Nf3 c5 3. d5 b5 4. Bg5 Ne4 5. Qd3 Nxg5 6. Nxg5 g6 7. Qxb5 Bg7 8.
Nc3 Na6 9. e3 Rb8 10. Qa4 Rxb2 11. Qa3 Rxc2 12. Nge4 Nb4 13. Rc1 f5 14. Bc4
Rxc1+ 15. Qxc1 fxe4 16. Nxe4 d6 17. O-O O-O 18. f4 Qa5 19. a3 Na6 20. Ng5 Qc3
21. g3 Nc7 22. e4 h6 23. Nf3 Ba6 24. Bxa6 Qxc1 25. Rxc1 Nxa6 26. Rc4 Nc7 0-1

[Event "USA Championship 2007"]
[Site "Stillwater USA"]
[Date "2007.05.19"]
[Round "5.16"]
[White "Movsisyan, Movses"]
[Black "Sarkar, Justin"]
[Result "0-1"]
[WhiteElo "2274"]
[BlackElo "2470"]
[PlyCount "97"]
[EventDate "2007.05.15"]
[EventType "swiss"]
[EventRounds "9"]
[EventCountry "USA"]
[Source "lmi"]
[SourceDate "2007.05.15"]

1. e4 d5 2. exd5 Qxd5 3. Nf3 Nf6 4. d4 Bf5 5. c4 Qa5+ 6. Nc3 Ne4 7. Qb3 Qb6 8.
Nd5 Qxb3 9. axb3 Kd8 10. Ne5 e6 11. f3 Nd6 12. c5 exd5 13. cxd6 Be6 14. dxc7+
Kxc7 15. Bf4 Bd6 16. Rc1+ Nc6 17. Bb5 Bd7 18. Kf2 f6 19. Nd3 a6 20. Bxc6 Bxc6
21. Rc5 Bxf4 22. Nxf4 Kd6 23. Rhc1 a5 24. Nd3 Ra6 25. Ke3 Rha8 26. Kd2 Rb6 27.
R5c3 Bb5 28. Nc5 Re8 29. Re1 Rxe1 30. Kxe1 Bc6 31. Re3 Rb4 32. Re6+ Kc7 33.
Re7+ Kb6 34. Rxg7 Rxd4 35. Na4+ Kb5 36. Rxh7 Kb4 37. g4 Kxb3 38. Nc5+ Kxb2 39.
h4 a4 40. Nxa4+ Rxa4 41. Rf7 Kc2 42. Rxf6 d4 43. Kf2 d3 44. Rd6 d2 45. h5 Ra3
46. h6 Rd3 47. Rxd3 Kxd3 48. h7 d1=Q 49. h8=Q 0-1

[Event "USA Championship 2007"]
[Site "Stillwater USA"]
[Date "2007.05.19"]
[Round "5.17"]
[White "Braunlich, Tom"]
[Black "Friedel, Joshua"]
[Result "0-1"]
[WhiteElo "2136"]
[BlackElo "2542"]
[PlyCount "62"]
[EventDate "2007.05.15"]
[EventType "swiss"]
[EventRounds "9"]
[EventCountry "USA"]
[Source "lmi"]
[SourceDate "2007.05.15"]

1. d4 Nf6 2. c4 c5 3. d5 b5 4. cxb5 a6 5. bxa6 g6 6. Nc3 Bxa6 7. e4 Bxf1 8.
Kxf1 d6 9. Nge2 Bg7 10. h3 O-O 11. Kg1 Na6 12. Kh2 Qb6 13. Rf1 Rfb8 14. Rb1 Nc7
15. Be3 Qa6 16. Qc2 Nd7 17. Rfd1 Nb5 18. Nxb5 Rxb5 19. a3 Rab8 20. b4 Qxa3 21.
bxc5 Rb2 22. Rxb2 Rxb2 23. Qc1 Nxc5 24. Kg1 h5 25. Qc4 Ra2 26. Qb5 Nxe4 27.
Qe8+ Bf8 28. Bh6 Qa8 29. Qxa8 Rxa8 30. Bxf8 Kxf8 31. Nd4 Nc3 0-1

[Event "USA Championship 2007"]
[Site "Stillwater USA"]
[Date "2007.05.19"]
[Round "5.18"]
[White "Aigner, Michael"]
[Black "Airapetian, Chouchanik"]
[Result "0-1"]
[WhiteElo "2300"]
[BlackElo "2188"]
[PlyCount "104"]
[EventDate "2007.05.15"]
[EventType "swiss"]
[EventRounds "9"]
[EventCountry "USA"]
[Source "lmi"]
[SourceDate "2007.05.15"]

1. f4 Nf6 2. Nf3 g6 3. g3 Bg7 4. Bg2 O-O 5. O-O c5 6. d3 d5 7. Qe1 Nc6 8. e4
dxe4 9. dxe4 Nd4 10. Na3 Bg4 11. Nxd4 Qxd4+ 12. Kh1 Be6 13. c3 Qd7 14. Be3 Rac8
15. Qe2 Bh3 16. Rfd1 Bxg2+ 17. Qxg2 Qe6 18. e5 Ng4 19. Bg1 b6 20. Rd5 f6 21.
Re1 fxe5 22. h3 Nh6 23. Nc4 e4 24. Ne3 Nf5 25. c4 Qc6 26. Ng4 e6 27. Ne5 Qa4
28. b3 Qa5 29. Rdd1 Qc3 30. Kh2 Rcd8 31. Nc6 Rxd1 32. Rxd1 e3 33. Rb1 Nd4 34.
Kh1 e2 35. Bxd4 e1=Q+ 36. Rxe1 Qxe1+ 37. Bg1 Bd4 38. a4 a6 39. Nxd4 cxd4 40.
Qf3 Rd8 41. Qd3 e5 42. fxe5 Qxe5 43. g4 a5 44. Kg2 Qf6 45. Bf2 h5 46. gxh5 gxh5
47. Kf1 Kg7 48. Ke1 Re8+ 49. Kf1 Rf8 50. Qg3+ Kh8 51. Ke1 d3 52. Be3 Qc3+ 0-1

[Event "USA Championship 2007"]
[Site "Stillwater USA"]
[Date "2007.05.20"]
[Round "6.8"]
[White "Sevillano, Enrico"]
[Black "Khachiyan, Melikset"]
[Result "1/2-1/2"]
[WhiteElo "2566"]
[BlackElo "2550"]
[PlyCount "155"]
[EventDate "2007.05.15"]
[EventType "swiss"]
[EventRounds "9"]
[EventCountry "USA"]
[Source "lmi"]
[SourceDate "2007.05.15"]

1. e4 e5 2. Nf3 Nc6 3. d4 exd4 4. Nxd4 Nf6 5. Nxc6 bxc6 6. e5 Qe7 7. Qe2 Nd5 8.
c4 Ba6 9. b3 Qh4 10. a3 Nf4 11. Qe4 Ng6 12. Qxh4 Nxh4 13. Nd2 c5 14. g3 Nf5 15.
Bg2 Rb8 16. Bb2 Bb7 17. Bxb7 Rxb7 18. O-O-O Nd4 19. Bxd4 cxd4 20. Kc2 c5 21.
Ne4 Be7 22. Rhe1 O-O 23. f4 f6 24. exf6 gxf6 25. f5 Kf7 26. g4 Rg8 27. Rg1 a5
28. a4 h6 29. Rd3 Re8 30. Re1 Bf8 31. Rf3 Rbb8 32. Re2 Kg7 33. h4 Re5 34. Rff2
Rbe8 35. Kd3 Rb8 36. Nd2 Bd6 37. Rxe5 Bxe5 38. Rf3 Kf7 39. Ke4 Rg8 40. g5 hxg5
41. hxg5 Rxg5 42. Kd5 d6 43. Ne4 Ke7 44. Nxg5 fxg5 45. Rh3 g4 46. Rh1 d3 47.
Rd1 Kf6 48. Ke4 g3 49. Kf3 Kxf5 50. Rxd3 Ke6 51. Rd1 Kd7 52. Rh1 Kc7 53. Rh6
Kc6 54. Rg6 Kc7 55. Rg8 Kb7 56. Ke3 Ka7 57. Ke4 Kb7 58. Kd5 Bf4 59. Rg7+ Kb6
60. Ke6 Kc6 61. Ke7 Be5 62. Rg8 Kc7 63. Ke6 Bf4 64. Ra8 Be3 65. Ra7+ Kc6 66.
Rg7 Bf4 67. Ke7 Be5 68. Rg5 Kc7 69. Ke8 Kc8 70. Ke7 Kc7 71. Ke6 Kc6 72. Rg8 Bf4
73. Kf5 Be5 74. Ke4 Kb7 75. Kf3 Ka7 76. Rf8 Kb7 77. Re8 Ka7 78. Rg8 1/2-1/2

[Event "USA Championship 2007"]
[Site "Stillwater USA"]
[Date "2007.05.20"]
[Round "6.10"]
[White "Smith, Bryan"]
[Black "Perelshteyn, Eugene"]
[Result "0-1"]
[WhiteElo "2441"]
[BlackElo "2611"]
[PlyCount "54"]
[EventDate "2007.05.15"]
[EventType "swiss"]
[EventRounds "9"]
[EventCountry "USA"]
[Source "lmi"]
[SourceDate "2007.05.15"]

1. e4 e5 2. Nc3 Nf6 3. f4 d5 4. fxe5 Nxe4 5. Qf3 Nxc3 6. dxc3 Be6 7. Bf4 Nd7 8.
O-O-O c6 9. Ne2 Qa5 10. Kb1 h5 11. h3 d4 12. b3 Nxe5 13. Qg3 h4 14. Qh2 Ng6 15.
Bc7 Qh5 16. cxd4 Bb4 17. Bd6 a5 18. Rc1 Qd5 19. Bc5 Bxc5 20. dxc5 Qxc5 21. Nf4
Nxf4 22. Qxf4 O-O-O 23. Bd3 Rd4 24. Qe3 Rhd8 25. Be4 Qa3 26. c4 a4 27. Bc2 axb3
0-1

[Event "USA Championship 2007"]
[Site "Stillwater USA"]
[Date "2007.05.20"]
[Round "6.13"]
[White "Bradford, Joseph Mark"]
[Black "Hess, Robert"]
[Result "0-1"]
[WhiteElo "2457"]
[BlackElo "2472"]
[PlyCount "56"]
[EventDate "2007.05.15"]
[EventType "swiss"]
[EventRounds "9"]
[EventCountry "USA"]
[Source "lmi"]
[SourceDate "2007.05.15"]

1. Nf3 g6 2. d4 Bg7 3. g3 d6 4. Bg2 Nd7 5. O-O e5 6. e4 Ne7 7. dxe5 dxe5 8. b3
Nc5 9. Qxd8+ Kxd8 10. Bb2 Nc6 11. Nc3 f6 12. Rfd1+ Ke8 13. Nd5 Ne6 14. Bf1 Ncd8
15. a4 Rf8 16. Ne1 Rf7 17. Bc4 Rd7 18. Nd3 c6 19. Ne3 Ng5 20. f4 exf4 21. gxf4
Nxe4 22. f5 Nf7 23. Re1 Re7 24. fxg6 hxg6 25. Nf4 Ne5 26. Bxe5 Rxe5 27. Nxg6
Rg5+ 28. Ng2 f5 0-1

[Event "USA Championship 2007"]
[Site "Stillwater USA"]
[Date "2007.05.20"]
[Round "6.14"]
[White "Sarkar, Justin"]
[Black "Burnett, Ronald"]
[Result "1/2-1/2"]
[WhiteElo "2470"]
[BlackElo "2396"]
[PlyCount "60"]
[EventDate "2007.05.15"]
[EventType "swiss"]
[EventRounds "9"]
[EventCountry "USA"]
[Source "lmi"]
[SourceDate "2007.05.15"]

1. d4 Nf6 2. c4 e6 3. Nc3 Bb4 4. Qc2 O-O 5. a3 Bxc3+ 6. Qxc3 b6 7. Bg5 Bb7 8.
e3 d6 9. Ne2 Nbd7 10. Qd3 h6 11. Bh4 c5 12. Nc3 Qe7 13. Rd1 Rfd8 14. d5 g5 15.
Bg3 e5 16. Qc2 Nf8 17. Bd3 Re8 18. h4 Kg7 19. f3 Ng6 20. Bf2 Bc8 21. hxg5 hxg5
22. Bxg6 fxg6 23. e4 Nh5 24. Qd2 Bd7 25. Be3 g4 26. Bh6+ Kg8 27. Qg5 Qxg5 28.
Bxg5 gxf3 29. gxf3 a6 30. Kd2 b5 1/2-1/2

[Event "USA Championship 2007"]
[Site "Stillwater USA"]
[Date "2007.05.20"]
[Round "6.17"]
[White "Airapetian, Chouchanik"]
[Black "Movsisyan, Movses"]
[Result "0-1"]
[WhiteElo "2188"]
[BlackElo "2274"]
[PlyCount "130"]
[EventDate "2007.05.15"]
[EventType "swiss"]
[EventRounds "9"]
[EventCountry "USA"]
[Source "lmi"]
[SourceDate "2007.05.15"]

1. e4 c5 2. Nf3 g6 3. d4 Bg7 4. Nc3 cxd4 5. Nxd4 Nc6 6. Nb3 Nf6 7. Be3 O-O 8.
Be2 d6 9. f4 Be6 10. O-O Qc8 11. Kh1 Rd8 12. Nd4 Nxd4 13. Bxd4 Bc4 14. Bd3 d5
15. e5 Ne4 16. Qe2 Nxc3 17. Bxc3 e6 18. Bd4 Qc6 19. g4 Re8 20. b3 Bxd3 21. Qxd3
b5 22. c3 a5 23. a3 Rac8 24. b4 a4 25. Rae1 Qc4 26. Qb1 Qc7 27. Re2 Qe7 28. Qd3
Rc4 29. f5 Qh4 30. Qf3 Rc7 31. Bf2 Qg5 32. h4 Qd8 33. f6 Bf8 34. g5 Qc8 35. Bd4
h5 36. gxh6 Bxh6 37. Rg2 Kh8 38. Qd3 Rg8 39. Qxb5 Rxc3 40. Bxc3 Qxc3 41. Qe2
Be3 42. Qb2 Qc4 43. Rf3 Qe4 44. Qe2 d4 45. b5 Rc8 46. b6 Rc1+ 47. Kh2 Qxe5+ 48.
Rfg3 Rb1 49. h5 Bf4 50. Qxe5 Bxe5 51. hxg6 fxg6 52. Kh3 Bxg3 53. Rxg3 Kg8 54.
Rxg6+ Kf7 55. Rg7+ Kxf6 56. Rd7 e5 57. Kg4 Ke6 58. Rd8 Rxb6 59. Ra8 Kd5 60.
Rxa4 Ke4 61. Ra8 Rg6+ 62. Kh3 Rd6 63. Rb8 d3 64. Rb1 d2 65. Rd1 Kf3 0-1

[Event "USA Championship 2007"]
[Site "Stillwater USA"]
[Date "2007.05.21"]
[Round "7.10"]
[White "Hess, Robert"]
[Black "Sevillano, Enrico"]
[Result "1/2-1/2"]
[WhiteElo "2472"]
[BlackElo "2566"]
[PlyCount "34"]
[EventDate "2007.05.15"]
[EventType "swiss"]
[EventRounds "9"]
[EventCountry "USA"]
[Source "lmi"]
[SourceDate "2007.05.15"]

1. e4 c5 2. c3 e6 3. d4 d5 4. exd5 exd5 5. Nf3 Nc6 6. Be3 cxd4 7. Nxd4 Bd6 8.
Bd3 Nf6 9. Nf5 Bxf5 10. Bxf5 Qa5 11. Nd2 O-O 12. Bc2 Rfe8 13. O-O Qc7 14. g3
Bxg3 15. hxg3 Rxe3 16. fxe3 Qxg3+ 17. Kh1 Qh3+ 1/2-1/2

[Event "USA Championship 2007"]
[Site "Stillwater USA"]
[Date "2007.05.21"]
[Round "7.14"]
[White "Burnett, Ronald"]
[Black "Friedel, Joshua"]
[Result "0-1"]
[WhiteElo "2396"]
[BlackElo "2542"]
[PlyCount "92"]
[EventDate "2007.05.15"]
[EventType "swiss"]
[EventRounds "9"]
[EventCountry "USA"]
[Source "lmi"]
[SourceDate "2007.05.15"]

1. Nf3 Nf6 2. d4 e6 3. g3 c5 4. Bg2 cxd4 5. O-O d5 6. Nxd4 Be7 7. c4 O-O 8.
cxd5 Nxd5 9. e4 Nb4 10. Nc3 N8c6 11. Nxc6 bxc6 12. a3 Qxd1 13. Rxd1 Nc2 14. Ra2
e5 15. b4 Nd4 16. Be3 Rd8 17. Bxd4 exd4 18. Ne2 a5 19. Rad2 axb4 20. axb4 Bg4
21. f3 Bxb4 22. fxg4 Bxd2 23. Rxd2 d3 24. Nf4 g5 25. Nh5 c5 26. Nf6+ Kg7 27.
Nd5 c4 28. Bf1 Ra1 29. Kf2 Rxd5 30. exd5 c3 31. Rxd3 c2 32. Rc3 c1=Q 33. Rxc1
Rxc1 34. Bd3 Rh1 35. h4 gxh4 36. gxh4 Rxh4 37. Kg3 Rh1 38. g5 h6 39. gxh6+ Rxh6
40. Kf4 Kf6 41. Bf5 Rh5 42. Be4 Rh4+ 43. Ke3 Ke5 44. Bg2 Ra4 45. Ke2 Ra2+ 46.
Kf1 Rxg2 0-1

[Event "USA Championship 2007"]
[Site "Stillwater USA"]
[Date "2007.05.21"]
[Round "7.15"]
[White "Pruess, David"]
[Black "Zenyuk, Iryna"]
[Result "1-0"]
[WhiteElo "2473"]
[BlackElo "2229"]
[PlyCount "54"]
[EventDate "2007.05.15"]
[EventType "swiss"]
[EventRounds "9"]
[EventCountry "USA"]
[Source "lmi"]
[SourceDate "2007.05.15"]

1. d4 Nf6 2. Nc3 d5 3. Bg5 e6 4. e4 dxe4 5. Bxf6 Qxf6 6. Nxe4 Qd8 7. Nf3 Be7 8.
c3 Nd7 9. Bd3 c5 10. dxc5 Nxc5 11. Nxc5 Bxc5 12. Qc2 Qc7 13. O-O-O Bd7 14. Bxh7
O-O-O 15. Be4 Qf4+ 16. Kb1 f5 17. Bd3 Ba4 18. b3 Bc6 19. Qe2 Rxd3 20. Rxd3 Be4
21. Kb2 Bxd3 22. Qxd3 Bxf2 23. Rd1 Qe3 24. Qd7+ Kb8 25. Qd6+ Kc8 26. Nd4 Qe2+
27. Nxe2 Re8 1-0

[Event "USA Championship 2007"]
[Site "Stillwater USA"]
[Date "2007.05.21"]
[Round "7.16"]
[White "Braunlich, Tom"]
[Black "Bradford, Joseph Mark"]
[Result "0-1"]
[WhiteElo "2136"]
[BlackElo "2457"]
[PlyCount "58"]
[EventDate "2007.05.15"]
[EventType "swiss"]
[EventRounds "9"]
[EventCountry "USA"]
[Source "lmi"]
[SourceDate "2007.05.15"]

1. d4 Nf6 2. c4 c5 3. d5 b5 4. cxb5 a6 5. b6 d6 6. Nc3 g6 7. e4 Bg7 8. Be2 Nbd7
9. b7 Bxb7 10. Nf3 O-O 11. O-O Qc7 12. Bf4 Nh5 13. Bg5 Rfe8 14. Nd2 Nhf6 15.
Bf4 Rad8 16. Qa4 Nb6 17. Qb3 e6 18. Bf3 exd5 19. exd5 c4 20. Qa3 Nbxd5 21. Nxd5
Nxd5 22. Bg5 Rb8 23. Rac1 Nb6 24. Bxb7 Qxb7 25. Qxd6 Bxb2 26. Rc2 Be5 27. Qb4
c3 28. Nf3 Bg7 29. Rd1 Qe4 0-1

[Event "USA Championship 2007"]
[Site "Stillwater USA"]
[Date "2007.05.22"]
[Round "8.8"]
[White "Stripunsky, Alexander"]
[Black "Langer, Michael"]
[Result "1-0"]
[WhiteElo "2664"]
[BlackElo "2334"]
[PlyCount "109"]
[EventDate "2007.05.15"]
[EventType "swiss"]
[EventRounds "9"]
[EventCountry "USA"]
[Source "lmi"]
[SourceDate "2007.05.15"]

1. e4 c5 2. Nf3 d6 3. c3 Nf6 4. Be2 g6 5. O-O Bg7 6. Bb5+ Nbd7 7. Re1 a6 8. Bf1
e5 9. d4 exd4 10. cxd4 O-O 11. Nc3 cxd4 12. Qxd4 Nc5 13. e5 Ne6 14. Qxd6 Qxd6
15. exd6 Rd8 16. Rd1 Bf8 17. Na4 b5 18. Nb6 Rb8 19. Nxc8 Rbxc8 20. a4 Bxd6 21.
Bd2 bxa4 22. g3 Rb8 23. Bc3 Ne4 24. Ba5 Bc7 25. Rxd8+ Bxd8 26. Bxd8 Rxd8 27.
Rxa4 N4c5 28. Rb4 a5 29. Rb5 a4 30. Bc4 Kg7 31. Ne5 Ra8 32. Nxf7 a3 33. bxa3
Rxa3 34. Ne5 g5 35. Nd7 Nxd7 36. Bxe6 Nf6 37. Rxg5+ Kf8 38. Re5 Rc3 39. Kg2 Rc2
40. h3 Rb2 41. g4 h6 42. Kg3 Rb4 43. f3 Ra4 44. h4 Rd4 45. Ra5 Rd6 46. Bf5 Nd5
47. Ra7 Ne7 48. Be4 Rb6 49. g5 hxg5 50. hxg5 Rb5 51. Kg4 Rc5 52. g6 Re5 53. Kf4
Re6 54. Kg5 Re5+ 55. Kf6 1-0

[Event "USA Championship 2007"]
[Site "Stillwater USA"]
[Date "2007.05.22"]
[Round "8.11"]
[White "Sevillano, Enrico"]
[Black "Mulyar, Michael"]
[Result "1-0"]
[WhiteElo "2566"]
[BlackElo "2420"]
[PlyCount "59"]
[EventDate "2007.05.15"]
[EventType "swiss"]
[EventRounds "9"]
[EventCountry "USA"]
[Source "lmi"]
[SourceDate "2007.05.15"]

1. e4 e6 2. d4 d5 3. Nc3 Nf6 4. Bg5 Be7 5. e5 Nfd7 6. h4 Bxg5 7. hxg5 Qxg5 8.
Nh3 Qe7 9. Nf4 g6 10. Qf3 Nc6 11. O-O-O Nb6 12. Bb5 Bd7 13. Bxc6 Bxc6 14. Rh6
O-O-O 15. Rdh1 Be8 16. Nd3 Nc4 17. Qf4 b6 18. Rxh7 Rxh7 19. Rxh7 c5 20. Ne2 Kb8
21. b3 Na3 22. Qf6 Qc7 23. Kb2 Nb5 24. dxc5 bxc5 25. a4 Rc8 26. axb5 c4 27. Nb4
Qa5 28. Qe7 Qxb5 29. Nc3 Qa5 30. Qxe8 1-0

[Event "USA Championship 2007"]
[Site "Stillwater USA"]
[Date "2007.05.22"]
[Round "8.12"]
[White "Friedel, Joshua"]
[Black "Hess, Robert"]
[Result "1/2-1/2"]
[WhiteElo "2542"]
[BlackElo "2472"]
[PlyCount "71"]
[EventDate "2007.05.15"]
[EventType "swiss"]
[EventRounds "9"]
[EventCountry "USA"]
[Source "lmi"]
[SourceDate "2007.05.15"]

1. e4 e5 2. Nf3 Nc6 3. Bb5 a6 4. Ba4 d6 5. O-O Bd7 6. d4 Nge7 7. Bb3 h6 8. Nc3
Ng6 9. Nd5 Be7 10. c3 Bg5 11. h3 Bxc1 12. Rxc1 O-O 13. Nh2 Qg5 14. dxe5 dxe5
15. Nf6+ gxf6 16. Nf3 Bg4 17. hxg4 Qxg4 18. Nh2 Qxd1 19. Rcxd1 Rad8 20. Ng4 Kg7
21. Ne3 Nge7 22. Nd5 Nxd5 23. Bxd5 Rd6 24. Bxc6 bxc6 25. Rxd6 cxd6 26. Rd1 Rd8
27. Rd3 Kf8 28. c4 Ke7 29. Ra3 Rb8 30. Rxa6 Rxb2 31. Rxc6 Rxa2 32. c5 dxc5 33.
Rxc5 Re2 34. f3 Kf8 35. Rc8+ Kg7 36. Kh2 1/2-1/2